Scaling up nutrition : (Record no. 22405)
[ view plain ]
| 000 -LEADER | |
|---|---|
| fixed length control field | 00688cam a22002414a 4500 |
| 020 ## - INTERNATIONAL STANDARD BOOK NUMBER | |
| ISBN | 9780821380772 (alk. paper) |
| 020 ## - INTERNATIONAL STANDARD BOOK NUMBER | |
| ISBN | 082138077X (alk. paper) |
| 040 ## - CATALOGING SOURCE | |
| Transcribing agency | DLC |
| 082 00 - DEWEY DECIMAL CLASSIFICATION NUMBER | |
| Classification number | 363 NUT 2018 C025 Or. |
| 245 00 - TITLE STATEMENT | |
| Title | Scaling up nutrition : |
| Remainder of title | what will it cost? / |
| 300 ## - PHYSICAL DESCRIPTION | |
| Number of Pages | xxx, 100 pages : |
| Other physical details | illustrations, map ; |
| Dimensions | 23 cm |
| 490 1# - SERIES STATEMENT | |
| Series statement | Directions in development. Human development |
| 650 #0 - SUBJECT ADDED ENTRY--TOPICAL TERM | |
| Topical Term | Malnutrition. |
| 650 #0 - SUBJECT ADDED ENTRY--TOPICAL TERM | |
| Topical Term | Nutrition policy. |
| 650 12 - SUBJECT ADDED ENTRY--TOPICAL TERM | |
| Topical Term | Nutrition Policy |
| 650 22 - SUBJECT ADDED ENTRY--TOPICAL TERM | |
| Topical Term | Cost-Benefit Analysis. |
| 650 22 - SUBJECT ADDED ENTRY--TOPICAL TERM | |
| Topical Term | Health Resources |
| 650 22 - SUBJECT ADDED ENTRY--TOPICAL TERM | |
| Topical Term | Malnutrition |
| 650 22 - SUBJECT ADDED ENTRY--TOPICAL TERM | |
| Topical Term | Malnutrition |
| 700 1# - ADDED ENTRY--PERSONAL NAME | |
| Personal name | Horton, Susan. |
| 710 2# - ADDED ENTRY--CORPORATE NAME | |
| Corporate name or jurisdiction name as entry element | World Bank. |
| 942 ## - ADDED ENTRY ELEMENTS (KOHA) | |
| Koha item type | ADB |
| 952 ## - LOCATION AND ITEM INFORMATION (KOHA) | |
| Withdrawn status [LOCAL, KOHA] | 0 |
| Permanent Location | Date acquired | Koha item type | Lost status | Shelving location | Barcode | Current Location | Full call number |
|---|---|---|---|---|---|---|---|
| Library Block C | 2023-12-20 | ADB | C025 | a074756 | Library Block C | 363 NUT 2018 C025 Or. |